Understanding Voltammetry

Manylion Llyfryddiaeth
Prif Awdur: Compton R. G. Richard
Awduron Eraill: Banks C. Craig
Crynodeb:The power of electrochemical measurements in respect of thermodynamics, kinetics and analysis is widely recognized but the subject can be unpredictable to the novice even if they have a strong physical and chemical background, especially if they wish to pursue the study of quantitative measurements further. Accordingly, some significant experiments are perhaps wisely never attempted while the literature is sadly replete with flawed attempts at rigorous voltammetry.This textbook considers how to go about designing, explaining and interpreting experiments centered around various forms ofvoltammetry (cyclic, microelectrode, hydrodynamic, etc.). The reader is assumed to have attained a knowledge equivalent to Master's level of physical chemistry but no exposure to electrochemistry in general, or voltammetry in particular. While the book is designed to "stand alone", references to important research papers are given to provide an introductory entry into the literature. In comparison to the first edition, two new chapters — transport via migration and nanoelectrochemistry — are added. Minor changes and updates are also made throughout the textbook to facilitate enhanced understanding and greater clarity of exposition.
Iaith:Saesneg
Cyhoeddwyd: London, Imperial College Press, 2011
Rhifyn:2nd ed.
Pynciau:
Fformat: Llyfr
KOHA link:https://koha.lib.tpu.ru/cgi-bin/koha/opac-detail.pl?biblionumber=264776

MARC

LEADER 00000nam0a2200000 4500
001 264776
005 20231101233848.0
010 |a 9781848165854 
010 |a 978-1-84816-586-1 
035 |a (RuTPU)RU\TPU\book\287773 
090 |a 264776 
100 |a 20140623d2011 k y0engy50 ba 
101 0 |a eng 
102 |a GB 
105 |a a z 001zy 
200 1 |a Understanding Voltammetry  |f R. G. Compton, C. Banks 
205 |a 2nd ed. 
210 |a London  |c Imperial College Press  |d 2011 
215 |a 429 p.  |c il. 
320 |a Index: p. 425-429. 
330 |a The power of electrochemical measurements in respect of thermodynamics, kinetics and analysis is widely recognized but the subject can be unpredictable to the novice even if they have a strong physical and chemical background, especially if they wish to pursue the study of quantitative measurements further. Accordingly, some significant experiments are perhaps wisely never attempted while the literature is sadly replete with flawed attempts at rigorous voltammetry.This textbook considers how to go about designing, explaining and interpreting experiments centered around various forms ofvoltammetry (cyclic, microelectrode, hydrodynamic, etc.). The reader is assumed to have attained a knowledge equivalent to Master's level of physical chemistry but no exposure to electrochemistry in general, or voltammetry in particular. While the book is designed to "stand alone", references to important research papers are given to provide an introductory entry into the literature. In comparison to the first edition, two new chapters — transport via migration and nanoelectrochemistry — are added. Minor changes and updates are also made throughout the textbook to facilitate enhanced understanding and greater clarity of exposition. 
606 1 |a Вольтамперометрия  |2 stltpush  |3 (RuTPU)RU\TPU\subj\3652  |9 32036 
610 1 |a аналитическая химия 
610 1 |a вольт-амперные характеристики 
610 1 |a вольтамперометрические методы 
610 1 |a английский язык 
675 |a 543.552  |v 3 
700 1 |a Compton  |b R. G.  |g Richard 
701 1 |a Banks  |b C.  |g Craig 
801 1 |a RU  |b 63413507  |c 20140623 
801 2 |a RU  |b 63413507  |c 20150728  |g RCR 
942 |c BK 
959 |a 109/20140623  |d 5  |e 0  |f ЧЗИЛ:1  |f АНЛ:1  |f УФ:3